| 000 | 00363nam a2200157Ia 4500 | ||
|---|---|---|---|
| 008 | 210210b1953 xxu||||| |||| 00| 0 eng d | ||
| 041 | _aeng | ||
| 082 | _a829/236 | ||
| 100 | _aDAVISON (Ann) | ||
| 245 | _aLast voyage | ||
| 260 |
_aLondon _bWilliam Heinemann Ltd. _c1953 |
||
| 650 | _avoyage | ||
| 650 | _aLast | ||
| 690 | _aEnglish Fiction | ||
| 906 | _a016841 | ||
| 999 |
_c136677 _d136677 |
||